LEADER 00624oam 2200169z- 450 001 9910714856803321 035 $a(CKB)4920000000239167 035 $a(EXLCZ)994920000000239167 100 $a20200412c2019uuuu -u- - 101 0 $aeng 200 10$aGun Control: National Instant Criminal Background Check System (NICS) Operations and Related Legislation (R45970) 517 $aGun Control 700 $aKrouse$b William J$01353864 906 $aBOOK 912 $a9910714856803321 996 $aGun Control: National Instant Criminal Background Check System (NICS) Operations and Related Legislation (R45970)$93279664 997 $aUNINA LEADER 03489nam 2200601 450 001 9910810194103321 005 20230803022415.0 010 $a0-8263-5394-0 035 $a(CKB)2550000001163152 035 $a(EBL)1563078 035 $a(OCoLC)863157574 035 $a(SSID)ssj0001059528 035 $a(PQKBManifestationID)11555623 035 $a(PQKBTitleCode)TC0001059528 035 $a(PQKBWorkID)11079508 035 $a(PQKB)11400685 035 $a(MiAaPQ)EBC1563078 035 $a(MdBmJHUP)muse27376 035 $a(Au-PeEL)EBL1563078 035 $a(CaPaEBR)ebr10810325 035 $a(CaONFJC)MIL545054 035 $a(EXLCZ)992550000001163152 100 $a20130715h20132013 uy| 0 101 0 $aeng 135 $aurcnu|||||||| 181 $ctxt 182 $cc 183 $acr 200 00$aCorrespondence analysis and west Mexico archaeology $eceramics from the Long-Glassow collection /$fC. Roger Nance [and four others] 210 1$aAlbuquerque :$cUniversity of New Mexico Press,$d[2013] 210 4$d©2013 215 $a1 online resource (277 p.) 300 $aDescription based upon print version of record. 311 $a0-8263-5393-2 311 $a1-306-13803-5 320 $aIncludes bibliographical references and index. 327 $a""Front Cover""; ""Title Page""; ""Copyright""; ""Contents""; ""Illustrations""; ""Foreword""; ""Acknowledgments""; ""Introduction""; ""1: Archaeology and Ethnohistory of EtzatlA?¡n and Its Region""; ""2: Correspondence Analysis of Archaeological Abundance Matrices""; ""3: Ceramic Type Descriptions""; ""4: Ceramic Analysis""; ""5: Chronological Considerations""; ""6: Alternative Analyses""; ""7: Conclusions""; ""Bibliography""; ""Index""; ""Back Cover"" 330 $a"Because the archaeology of West Mexico has received little attention from researchers, large segments of the region's prehistoric ceramic sequences have long remained incomplete. This book goes far toward filling that gap by analyzing a collection of potsherds excavated in the 1960s and housed since then, though heretofore unanalyzed, at UCLA. The authors employ the rarely used statistical technique known as correspondence analysis to sequence the Long-Glassow collection of artifacts.The book explains how correspondence analysis works and how it can be applied in archaeology. In addition to describing the archaeological sites in north central Jalisco where the collection comes from, the authors provide an ethnohistorical overview including information on the earliest Spanish explorers to reach the sites. They sequence more than seventy ceramic types and derive a master sequence from more than ten thousand potsherds. In addition to Mesoamerican archaeologists, the audience will also include other archaeologists concerned with ceramic analysis or the application of statistics to archaeology"--$cProvided by publisher. 606 $aIndian pottery$zMexico$zJalisco$xThemes, motives 606 $aIndian pottery$zMexico$zJalisco$vClassification 607 $aJalisco (Mexico)$xAntiquities 615 0$aIndian pottery$xThemes, motives. 615 0$aIndian pottery 676 $a972/.35 686 $aSOC003000$aHIS025000$2bisacsh 701 $aNance$b Charles Roger$f1938-$01623737 801 0$bMiAaPQ 801 1$bMiAaPQ 801 2$bMiAaPQ 906 $aBOOK 912 $a9910810194103321 996 $aCorrespondence analysis and west Mexico archaeology$93958330 997 $aUNINA LEADER 03789nam 22005413 450 001 9911008897003321 005 20250502195427.0 010 $a9781680508383 010 $a1680508385 010 $a9781680508390 010 $a1680508393 035 $a(CKB)4940000000602280 035 $a(MiAaPQ)EBC6543629 035 $a(Au-PeEL)EBL6543629 035 $a(OCoLC)1246576418 035 $a(MiAaPQ)EBC31929256 035 $a(Au-PeEL)EBL31929256 035 $a(OCoLC)1505734744 035 $a(Perlego)4454266 035 $a(EXLCZ)994940000000602280 100 $a20250502d2021 uy 0 101 0 $aeng 135 $aurcnu|||||||| 181 $ctxt$2rdacontent 182 $cc$2rdamedia 183 $acr$2rdacarrier 200 10$aDistributed services with Go $eyour guide to reliable, scalable, and maintainable systems /$fTravis Jeffery 205 $aFirst edition. 210 1$a[Raleigh, North Carolina] :$cThe Pragmatic Programmers, LLC,$d[2021] 210 4$d©2021 215 $a1 online resource (245 pages) 311 08$a9781680507607 311 08$a1680507605 327 $aPart 1: Get started. 1. Let's go -- 2. Structure data with protocol buffers -- 3. Write a log package -- Part 2: Network. 4. Serve requests with gRPC -- 5. Secure your services -- 6. Observe your systems -- Part 3: Distribute. 7. Server-to-server service discovery -- 8. Coordinate your services with consensus -- 9. Discover servers and load balance from the client -- Part 4: Deploy. 10. Deploy applications with Kubernetes locally -- 11. Deploy applications with Kubernetes to the cloud. 330 $aThis is the book for Gophers who want to learn how to build distributed systems. You know the basics of Go and are eager to put your knowledge to work. Build distributed services that are highly available, resilient, and scalable. This book is just what you need to apply Go to real-world situations. Level up your engineering skills today. Take your Go skills to the next level by learning how to design, develop, and deploy a distributed service. Start from the bare essentials of storage handling, then work your way through networking a client and server, and finally to distributing server instances, deployment, and testing. All this will make coding in your day job or side projects easier, faster, and more fun. Create your own distributed services and contribute to open source projects. Build networked, secure clients and servers with gRPC. Gain insights into your systems and debug issues with observable services instrumented with metrics, logs, and traces. Operate your own Certificate Authority to authenticate internal web services with TLS. Automatically handle when nodes are added or removed to your cluster with service discovery. Coordinate distributed systems with replicated state machines powered by the Raft consensus algorithm. Lay out your applications and libraries to be modular and easy to maintain. Write CLIs to configure and run your applications. Run your distributed system locally and deploy to the cloud with Kubernetes. Test and benchmark your applications to ensure they're correct and fast. Dive into writing Go and join the hundreds of thousands who are using it to build software for the real world. What You Need: Go 1.13+ and Kubernetes 1.16+ 606 $aGo (Computer program language) 606 $aElectronic data processing$xDistributed processing 615 0$aGo (Computer program language) 615 0$aElectronic data processing$xDistributed processing. 676 $a005.2762 700 $aJeffery$b Travis$01829354 801 0$bMiAaPQ 801 1$bMiAaPQ 801 2$bMiAaPQ 906 $aBOOK 912 $a9911008897003321 996 $aDistributed services with Go$94398697 997 $aUNINA LEADER 03748nam 22005173 450 001 9910888062903321 005 20251116150539.0 010 $a9783428574605 010 $a3428574605 035 $a(CKB)5700000000103389 035 $a(MiAaPQ)EBC7101379 035 $a(Au-PeEL)EBL7101379 035 $a(OCoLC)1347023288 035 $a(Exl-AI)7101379 035 $a(EXLCZ)995700000000103389 100 $a20221219d2022 uy 0 101 0 $ager 135 $aurcnu|||||||| 181 $ctxt$2rdacontent 182 $cc$2rdamedia 183 $acr$2rdacarrier 200 14$aDie Konsumvereine in Holland, Japan, Österreich und der Schweiz $eUntersuchungen über Konsumvereine. Hrsg. Von Carl Johannes Fuchs - Robert Wilbrandt. Die Konsumvereinsbewegung in Den Einzelnen ländern. Dritter Teil. (Schriften des Vereins Für Sozialpolitik 150-III) 205 $a1st ed. 210 1$aBerlin :$cDuncker & Humblot,$d2022. 210 4$d©1923. 215 $a1 online resource (90 pages) 225 1 $aDuncker & Humblot reprints 311 08$a9783428174607 311 08$a3428174607 327 $aInhalt -- Die Genossenschaftsbewegung in Holland. Von G. I. W. C. Goedhart (Haag) -- Das Konsumgenossenschaftswesen in Japan. Von Dr. Samezo Kuruma -- Erstes Kapitel. Arsprung -- Zweites Kapitel. Historische Entwicklung und gegenwärtige Lage -- I. Entwicklung und gegenwärtiger Stand der Einkaufsgesellschaften -- a) Die Zahl der Einkaufsgesellschaften -- b) Die Zahl der Mitglieder von Einkaufsgesellschaften -- c) Die Kapitalien der Einkaufsgesellschaften -- d) Die Geschäfte der Einkaufsgesellschaften -- II. Entwicklung und gegenwärtiger Stand der genossenschaftlichen Zusammenschlüsse der Einkaufsgesellschaften und des Zentralverbandes der gewerblichen Gesellschaften -- a) Die genossenschaftlichen Zusammenschlüsse der Einkaufsgesellschaften -- b) Der Zentralverband der gewerblichen Gesellschaften -- III. Gegenwärtiger Stand der Konsumgenossenschaften -- a) Die Erhebungsmethode -- b) Das Ergebnis der Erhebungen -- 1. Die territoriale Verteilung der Konsumgenossenschaften -- 2. Arten der Genossenschaften -- 3. Ursachen des Zusammenschlusses -- 4. Mitglieder -- 5. Kapital -- 6. Das Geschäft -- 7. Gewinn und Verlust -- Schluß -- Die Konsumvereine in Deutschösterreich. Von Siegmund Kaff -- Die schweizerische Konsumgenossenschaftsbewegung. Von Dr. Karl Pettermand (Basel)$7Generated by AI. 330 $aThis book examines the development and current state of consumer cooperatives in the Netherlands, Japan, Austria, and Switzerland. It provides a historical overview of these cooperatives, discussing their origins, challenges, and successes. The authors aim to analyze the cooperative movements in these countries, highlighting the cultural and economic factors that influenced their growth. The book is intended for readers interested in social and economic history, particularly those studying cooperative movements and their impact on society.$7Generated by AI. 410 0$aDuncker & Humblot reprints 517 $aKonsumvereine in Holland, Japan, Österreich und der Schweiz 606 $aConsumer cooperatives$7Generated by AI 606 $aCooperative societies$7Generated by AI 615 0$aConsumer cooperatives 615 0$aCooperative societies 700 $aFuchs$b Carl Johannes$0148514 701 $aWilbrandt$b Robert$01771897 801 0$bMiAaPQ 801 1$bMiAaPQ 801 2$bMiAaPQ 906 $aBOOK 912 $a9910888062903321 996 $aDie Konsumvereine in Holland, Japan, Österreich und der Schweiz$94266882 997 $aUNINA